FINEX väčší, kompletnejší, odbornejší Prezentovali sa najdynamickejšie sa rozvíjajúce sektory hospodárstva
Hodnotenie druhého ročníka slovenskej výstavy finančníctva, bankovníctva a poisťovníctva FINEX 1994 v Banskej Bystrici. Koncepcia výstavy a sprievodné odborné programy výstavy. Skupiny vystavovateľov podľa počtu a výstavnej plochy. Názory vystavovateľov. Výsledky prieskumu spokojnosti s organizáciou...
Saved in:
| Main Author: | |
|---|---|
| Format: | Book Chapter |
| Language: | Slovak |
| Subjects: | |
| Tags: |
No Tags, Be the first to tag this record!
|
MARC
| LEADER | 00000naa a2200000 4500 | ||
|---|---|---|---|
| 001 | r024661 | ||
| 005 | 20221205090921.3 | ||
| 041 | 0 | |a slo | |
| 044 | |a SK | ||
| 245 | 1 | 0 | |a FINEX väčší, kompletnejší, odbornejší |b Prezentovali sa najdynamickejšie sa rozvíjajúce sektory hospodárstva |c A. Goldbergerová |
| 520 | |a Hodnotenie druhého ročníka slovenskej výstavy finančníctva, bankovníctva a poisťovníctva FINEX 1994 v Banskej Bystrici. Koncepcia výstavy a sprievodné odborné programy výstavy. Skupiny vystavovateľov podľa počtu a výstavnej plochy. Názory vystavovateľov. Výsledky prieskumu spokojnosti s organizáciou a priebehom výstavy FINEX, ktorý vykonala spoločnosť GfK, inštitút pre výskum trhu. | ||
| 610 | 2 | 0 | |a FINEX '94 |
| 610 | 2 | 0 | |a výstavy |
| 610 | 2 | 0 | |a Slovensko |
| 610 | 2 | 0 | |a Banská Bystrica |
| 610 | 2 | 0 | |a bankovníctvo |
| 610 | 2 | 0 | |a financie |
| 610 | 2 | 0 | |a poisťovníctvo |
| 100 | 1 | |a Goldbergerová, A. | |